| 000 | 00367cam a2200145ua 4500 | ||
|---|---|---|---|
| 020 | _a0-07-053477-2 | ||
| 082 |
_a005.133 _bBAL/PR |
||
| 100 |
_aBalagurusamy, E . _9363 |
||
| 245 | _aProgramming in ANSI C / | ||
| 250 | _a3 / | ||
| 260 |
_aNew Delhi : _bTata Mc-Graw Hill Publishing Company , _c2004. |
||
| 300 | _a494 ; . | ||
| 500 | _a20890 Scheme | ||
| 942 | _cBK | ||
| 999 |
_c12270 _d12270 |
||